Three Billy Goats

保存先:
書誌詳細
第一著者: Sue Arengo, Caroline Anstey
フォーマット: 不明
出版事項: 1983
タグ: タグ追加
タグなし, このレコードへの初めてのタグを付けませんか!
Thư viện lưu trữ: Mạng thư viện Đại học Đà Nẵng
LEADER 00716na a2200217 4500
001 000032919
003 9044
005 20151002110610.0
008 151002s1983 000
082 |a 420.83 
100 |a Sue Arengo, Caroline Anstey 
245 |a Three Billy Goats  |c Sue Arengo, Caroline Anstey 
260 |c 1983 
OWN |a LNN 
AVA |a UDN50  |b LNN  |d 420.83  |e available  |t Error 5001 Not defined in file expand_doc_bib_avail.  |f 1  |g 0  |h N  |i 0  |k 1 
999 |a From the UDN01 
AVA |a UDN50  |b LNN  |d 420.83  |e available  |t Error 5001 Not defined in file expand_doc_bib_avail.  |f 1  |g 0  |h N  |i 0  |k 1 
TYP |a Printed language 
980 |a Mạng thư viện Đại học Đà Nẵng